[Event "Eliteserien 2008-2009"]
[Site "Haraldsheim"]
[Date "2008.11.07"]
[Round "9"]
[White "Lahlum, Hans O."]
[Black "Aulin-Jansson, Jøran"]
[Result "1/2-1/2"]
[WhiteElo "2141"]
[BlackElo "2183"]
[PlyCount "118"]
[EventDate "2008.??.??"]

1. d4 Nf6 2. c4 e6 3. Nc3 Bb4 4. Qc2 c5 5. dxc5 Qa5 6. Bd2 Qxc5 7. a3 Bxc3 8.
Qxc3 Ne4 9. Be3 Nxc3 10. Bxc5 Na4 11. Bd4 O-O 12. b3 Nc6 13. Be3 Nb6 14. O-O-O
d5 15. Bxb6 axb6 16. cxd5 exd5 17. Kb2 d4 18. Nf3 Rd8 19. g3 Bf5 20. Bg2 Rac8
21. Rd2 Na5 22. Rhd1 f6 23. e3 Be4 24. Bh1 Bxf3 25. Bxf3 Rc3 26. Rd3 Kf8 27.
Rxc3 dxc3+ 28. Kxc3 Rc8+ 29. Kb2 Ke7 30. Rd3 Nc6 31. Bxc6 bxc6 32. a4 Ra8 33.
Kc3 Ra5 34. Kb4 Re5 35. Kc3 Rc5+ 36. Kd2 Ra5 37. Rd4 Ra7 38. Kc3 Ra5 39. Rd2
Rc5+ 40. Kb2 Re5 41. b4 c5 42. Kc3 cxb4+ 43. Kxb4 Ra5 44. Rd4 g6 45. Rh4 h5 46.
g4 hxg4 47. Rxg4 g5 48. h4 Rf5 49. hxg5 fxg5 50. f4 gxf4 51. exf4 Kd6 52. Kc4
Rc5+ 53. Kb4 Rf5 54. Rh4 Kc6 55. Kc4 Ra5 56. Rh6+ Kd7 57. Kb4 Rf5 58. Rxb6
Rxf4+ 59. Ka5 Kc7 
1/2-1/2

[Event "Eliteserien 2008-2009"]
[Site "Haraldsheim"]
[Date "2008.11.07"]
[Round "9"]
[White "Hammerstad, Åsmund"]
[Black "Bentsen, Håkon"]
[Result "1/2-1/2"]
[WhiteElo "2170"]
[BlackElo "2068"]
[PlyCount "108"]
[EventDate "2008.??.??"]

1. d4 d5 2. c4 e6 3. Nc3 c6 4. e3 Nf6 5. Nf3 Bd6 6. Qc2 Nbd7 7. Bd3 O-O 8. O-O
Re8 9. e4 dxe4 10. Nxe4 Nxe4 11. Bxe4 Nf6 12. Bd3 b6 13. c5 bxc5 14. dxc5 Bxc5
15. Ng5 Qb6 16. Bxh7+ Kf8 17. Bd3 Rd8 18. Bc4 Bd4 19. Nf3 c5 20. Nxd4 cxd4 21.
Bg5 Ba6 22. Bxa6 Qxa6 23. Qc5+ Qd6 24. Qa5 Ng4 25. g3 f6 26. Bd2 Qd5 27. Qa3+
Kf7 28. f3 Ne5 29. Rac1 Nc4 30. Qd3 Nxd2 31. Qxd2 Rac8 32. a3 Rxc1 33. Qxc1 d3
34. Qe3 Rd7 35. Rd1 e5 36. g4 Qb5 37. Rd2 Rd4 38. h4 a5 39. h5 a4 40. g5 fxg5
41. Qxg5 Qb6 42. Kf1 Qf6 43. Qe3 Qf5 44. Kf2 Kf6 45. h6 g5 46. Ke1 Qh7 47. Rh2
g4 48. Rd2 Qf5 49. fxg4 Re4 50. gxf5 Rxe3+ 51. Kf2 Rh3 52. Kg2 Rxh6 53. Rxd3
Kxf5 54. b4 axb3 
1/2-1/2

[Event "Eliteserien 2008-2009"]
[Site "Haraldsheim"]
[Date "2008.11.07"]
[Round "9"]
[White "Hobber, Anders"]
[Black "Diesen, Bruce"]
[Result "1/2-1/2"]
[WhiteElo "1995"]
[BlackElo "2141"]
[PlyCount "64"]
[EventDate "2008.??.??"]

1. c4 Nf6 2. g3 g6 3. Bg2 Bg7 4. Nc3 O-O 5. e4 d6 6. Nge2 c5 7. O-O Nc6 8. a3
Bd7 9. h3 a6 10. Rb1 Qc8 11. Kh2 Na7 12. d3 b5 13. cxb5 Nxb5 14. Nxb5 axb5 15.
b4 c4 16. d4 Bc6 17. Nc3 e6 18. Re1 d5 19. e5 Nd7 20. f4 Nb6 21. Bb2 Ra7 22.
Qe2 Re7 23. Rf1 f6 24. h4 fxe5 25. fxe5 Bh6 26. Rxf8+ Qxf8 27. Bh3 Bd7 28. Rf1
Rf7 29. Rxf7 Qxf7 30. Bg4 Kf8 31. Qe1 Ke7 32. Kg2 Na4 
1/2-1/2

[Event "Eliteserien 2008-2009"]
[Site "Haraldsheim"]
[Date "2008.11.07"]
[Round "9"]
[White "Røyset, Jon Kr."]
[Black "Gabrielsen, Stig"]
[Result "1-0"]
[WhiteElo "2076"]
[BlackElo "2344"]
[PlyCount "89"]
[EventDate "2008.??.??"]

1. e4 c5 2. Nc3 a6 3. Nf3 e6 4. g3 Nc6 5. Bg2 d6 6. O-O Nf6 7. d4 cxd4 8. Nxd4
Bd7 9. Nxc6 Bxc6 10. Re1 Be7 11. a4 O-O 12. a5 Re8 13. Be3 Nd7 14. Na4 Bf8 15.
c4 Rc8 16. f4 Kh8 17. Nc3 b6 18. axb6 Nxb6 19. Qd4 Nd7 20. Rxa6 e5 21. Qd2 exf4
22. gxf4 Ba8 23. b3 Nc5 24. Bxc5 Rxc5 25. Rd1 Bb7 26. Rxd6 Bxd6 27. Qxd6 Qxd6
28. Rxd6 Kg8 29. Rb6 Ba8 30. Nd5 h6 31. e5 Kf8 32. Kf2 Rcc8 33. Ra6 Bxd5 34.
Bxd5 Rb8 35. c5 Red8 36. Rd6 Ke7 37. Ke3 f6 38. Re6+ Kf8 39. Bc4 fxe5 40. fxe5
Re8 41. c6 Rbc8 42. Rxe8+ Kxe8 43. Kd4 Kd8 44. Kc5 Kc7 45. b4 
1-0

[Event "Eliteserien 2008-2009"]
[Site "Haraldsheim"]
[Date "2008.11.07"]
[Round "9"]
[White "Gabrielsen, Trond"]
[Black "Jæger, Frode Bull"]
[Result "1-0"]
[WhiteElo "2300"]
[BlackElo "2031"]
[PlyCount "80"]
[EventDate "2008.??.??"]

1. e4 c5 2. Nf3 Nc6 3. Bb5 g6 4. c3 Nf6 5. e5 Nd5 6. O-O Bg7 7. d4 cxd4 8. cxd4
O-O 9. h3 d6 10. Qe2 Nc7 11. Bxc6 bxc6 12. Rd1 Ba6 13. Qe4 dxe5 14. Nxe5 Bxe5
15. Qxe5 Qd6 16. Qe4 Nd5 17. Nc3 Rab8 18. Qh4 Nxc3 19. bxc3 Rb7 20. a4 f6 21.
Re1 Re8 22. Qg4 Bc4 23. Ba3 Qd7 24. Qg3 Kg7 25. Bc5 Qc7 26. Qf3 Qd7 27. Re3 e6
28. Qd1 Rd8 29. a5 a6 30. h4 h5 31. Rg3 Qd5 32. Rb1 Rdb8 33. Rb6 Rxb6 34. axb6
Rb7 35. Qb1 Qf5 36. Qb4 Bd5 37. Bd6 Qe4 38. Bc7 Qe1+ 39. Kh2 Kf7 40. Qd6 Qxf2
1-0

[Event "Eliteserien 2008-2009"]
[Site "Haraldsheim"]
[Date "2008.11.07"]
[Round "9"]
[White "Søraas, Torben"]
[Black "Aarland, Stein A"]
[Result "0-1"]
[WhiteElo "2111"]
[BlackElo "2302"]
[PlyCount "62"]
[EventDate "2008.??.??"]

1. e4 c5 2. Nc3 g6 3. g3 Bg7 4. d3 Nc6 5. Be3 d6 6. Qd2 h5 7. h3 Rb8 8. Bg2 b5
9. Nge2 Nd4 10. Nd1 Bd7 11. c3 Nxe2 12. Kxe2 Nf6 13. Kf1 O-O 14. Bh6 Bc6 15.
Bxg7 Kxg7 16. Ne3 e6 17. f4 Qb6 18. g4 hxg4 19. hxg4 Rh8 20. g5 Nh5 21. Qf2 Qd8
22. Kg1 e5 23. fxe5 dxe5 24. Rf1 Rb7 25. Ng4 Qxg5 26. Rxh5 Rxh5 27. Nf6 Rh3 28.
Qxc5 Rg3 29. Qf2 Rxd3 30. Nd5 Bxd5 31. exd5 Rxd5 
0-1

[Event "Eliteserien 2008-2009"]
[Site "Haraldsheim"]
[Date "2008.11.07"]
[Round "9"]
[White "Johansen, Terje"]
[Black "Esbensen, Andreas"]
[Result "1-0"]
[WhiteElo "2182"]
[BlackElo "2048"]
[PlyCount "71"]
[EventDate "2008.??.??"]

1. d4 d5 2. c4 e6 3. Nc3 c6 4. e4 Bb4 5. e5 Ne7 6. a3 Bxc3+ 7. bxc3 c5 8. Nf3
Nbc6 9. Bd3 dxc4 10. Bxc4 O-O 11. O-O Qc7 12. Bd3 h6 13. Qe2 Bd7 14. Qe4 Ng6
15. h4 f5 16. exf6 Rxf6 17. h5 Nf8 18. Rb1 Na5 19. Ne5 cxd4 20. cxd4 Rd8 21.
Bf4 Bc6 22. Qe3 Bd5 23. Rfc1 Qe7 24. Bg3 Nc6 25. Bh4 Nd7 26. Ng4 Qf8 27. Bc4
Nb6 28. Nxf6+ gxf6 29. Bxd5 exd5 30. Qe6+ Kg7 31. Rc3 Rd6 32. Rg3+ Kh7 33. Qf5+
Kh8 34. Re1 Nd7 35. Qf4 Kh7 36. Rg6 
1-0

[Event "Eliteserien 2008-2009"]
[Site "Haraldsheim"]
[Date "2008.11.07"]
[Round "9"]
[White "Walseth, Tron"]
[Black "Kirkebø, Carl Peter"]
[Result "1-0"]
[WhiteElo "1907"]
[BlackElo "2076"]
[PlyCount "55"]
[EventDate "2008.??.??"]

1. c4 Nf6 2. g3 c5 3. Bg2 g6 4. Nc3 Bg7 5. a3 Nc6 6. Rb1 a5 7. Nf3 d5 8. cxd5
Nxd5 9. Qb3 Nxc3 10. bxc3 O-O 11. O-O a4 12. Qc4 Qd6 13. Rb5 Na7 14. Rb1 b5 15.
Qh4 Rb8 16. d4 cxd4 17. cxd4 f6 18. Bf4 e5 19. dxe5 fxe5 20. Rfd1 Qxd1+ 21.
Rxd1 exf4 22. Ng5 h6 23. Bd5+ Kh8 24. Nf7+ Rxf7 25. Bxf7 g5 26. Rd8+ Kh7 27.
Qh5 Bg4 28. Qg6# 
1-0

[Event "Eliteserien 2008-2009"]
[Site "Haraldsheim"]
[Date "2009.03.29"]
[Round "9"]
[White "Miezis, Normunds"]
[Black "Bae, Torstein"]
[Result "1/2-1/2"]
[WhiteElo "2500"]
[BlackElo "2376"]
[PlyCount "73"]
[EventDate "2008.??.??"]

1. c4 f5 2. Nc3 Nf6 3. g3 e6 4. Bg2 d5 5. cxd5 exd5 6. d3 c6 7. Nh3 Be7 8. O-O
O-O 9. Bg5 Be6 10. e4 dxe4 11. dxe4 fxe4 12. Nf4 Bf7 13. Bh3 Na6 14. Qxd8 Rfxd8
15. Nxe4 Nxe4 16. Bxe7 Re8 17. Ba3 Nd2 18. Rfd1 Nc4 19. Bd7 Re4 20. f3 Re3 21.
Kf2 Nxa3 22. Kxe3 Nc2+ 23. Ke2 Bc4+ 24. Kd2 Nxa1 25. Rxa1 Rd8 26. Kc3 Rxd7 27.
Kxc4 Rd2 28. b4 Kf7 29. a4 Rc2+ 30. Kb3 Rf2 31. Rd1 Rxf3+ 32. Kc4 Ke7 33. Re1+
Kd7 34. Rd1+ Ke7 35. Re1+ Kd7 36. Rd1+ Ke7 37. Re1+ 
1/2-1/2

[Event "Eliteserien 2008-2009"]
[Site "Haraldsheim"]
[Date "2008.11.07"]
[Round "9"]
[White "Lundeby, Øyvind Andersen"]
[Black "Hole, Øystein"]
[Result "1/2-1/2"]
[WhiteElo "2189"]
[BlackElo "2401"]
[PlyCount "37"]
[EventDate "2008.??.??"]

1. e4 c6 2. d4 d5 3. Nc3 dxe4 4. Nxe4 Bf5 5. Ng3 Bg6 6. Nh3 e6 7. Nf4 Bd6 8.
Nfh5 Bf8 9. Bc4 Bxh5 10. Nxh5 Nf6 11. O-O Nbd7 12. Re1 Nxh5 13. Qxh5 g6 14. Qh3
Qa5 15. Bf4 Qf5 16. Qg3 Be7 17. Bd6 Bxd6 18. Qxd6 O-O-O 19. Qa3 
1/2-1/2

[Event "Eliteserien 2008-2009"]
[Site "Haraldsheim"]
[Date "2008.11.07"]
[Round "9"]
[White "Agdestein, Espen"]
[Black "Robertsen, Thomas"]
[Result "0-1"]
[WhiteElo "2411"]
[BlackElo "2210"]
[PlyCount "120"]
[EventDate "2008.??.??"]

1. d4 Nf6 2. Nf3 g6 3. c4 Bg7 4. Nc3 O-O 5. e4 d6 6. Be2 e5 7. d5 a5 8. Bg5 h6
9. Bh4 Na6 10. Nd2 Nc5 11. Qc2 Bd7 12. b3 Qe8 13. f3 Nh5 14. Bf2 b6 15. a3 f5
16. Rb1 Nf4 17. Bf1 Rf7 18. b4 axb4 19. axb4 Na4 20. Nb5 fxe4 21. fxe4 Nxd5 22.
exd5 Bxb5 23. cxb5 e4 24. Rb3 Nb2 25. Be3 Ra1+ 26. Nb1 Qe5 27. Be2 Ra2 28. Ra3
Nd3+ 29. Bxd3 Rxc2 30. Bxc2 Qb2 31. Kd1 Qxb4 32. Rb3 Qc4 33. Nd2 Qxd5 34. Bxe4
Qe6 35. Rd3 Qg4+ 36. Kc2 Re7 37. h3 Qh5 38. Bd5+ Kh7 39. g4 Qe5 40. Rb1 Qh2 41.
Rh1 Qe5 42. Nc4 Qf6 43. h4 c6 44. bxc6 b5 45. g5 Qf5 46. Nxd6 Qg4 47. Rb1 Rxe3
48. Rxe3 Qd4 49. Rd3 Qc5+ 50. Kb3 Bd4 51. Bf7 Qa7 52. Rxd4 Qxd4 53. Rc1 Qxd6
54. c7 Qd3+ 55. Kb2 Qd2+ 56. Rc2 Qd4+ 57. Ka2 Qa4+ 58. Kb1 Qb4+ 59. Ka2 Qa4+
60. Kb2 Qb4+ 
0-1

[Event "Eliteserien 2008-2009"]
[Site "Haraldsheim"]
[Date "2008.11.07"]
[Round "9"]
[White "Vea, Odin Blikra"]
[Black "Gudbrandsen, Gustav"]
[Result "1/2-1/2"]
[WhiteElo "2134"]
[BlackElo "2178"]
[PlyCount "58"]
[EventDate "2008.??.??"]

1. e4 e6 2. d4 d5 3. Nd2 h6 4. Bd3 c5 5. Ngf3 Nc6 6. O-O Nf6 7. exd5 Qxd5 8. c4
Qd8 9. d5 exd5 10. cxd5 Nxd5 11. Bb5 Be7 12. Ne5 O-O 13. Nxc6 bxc6 14. Bxc6 Rb8
15. Nb3 Nb4 16. Be4 Ba6 17. Qh5 Bxf1 18. Bxh6 Be2 19. f3 Qb6 20. Bxg7 f5 21.
Bxf8 c4+ 22. Kh1 Rxf8 23. Bxf5 Rxf5 24. Qxf5 cxb3 25. axb3 Nd3 26. Qg4+ Kf8 27.
Qf5+ Kg8 28. Qg4+ Kf8 29. Qf5+ Kg8 
1/2-1/2

[Event "Eliteserien 2008-2009"]
[Site "Haraldsheim"]
[Date "2008.11.07"]
[Round "9"]
[White "Ekeberg, Carl Fr."]
[Black "Østmoe, Geir Sune Tallaksen"]
[Result "1/2-1/2"]
[WhiteElo "2335"]
[BlackElo "2399"]
[PlyCount "66"]
[EventDate "2008.??.??"]

1. e4 e5 2. Nf3 Nc6 3. Bb5 a6 4. Ba4 Nf6 5. O-O Be7 6. Re1 b5 7. Bb3 d6 8. c3
O-O 9. h3 Nb8 10. d4 Nbd7 11. Nbd2 Bb7 12. Bc2 Re8 13. Nf1 Bf8 14. Ng3 g6 15.
a4 Bg7 16. Bd3 c6 17. Bg5 Qe7 18. Qd2 Qf8 19. Red1 h6 20. Be3 Rad8 21. Qc2 h5
22. Qc1 d5 23. dxe5 dxe4 24. Nxe4 Nxe4 25. Bxe4 Nxe5 26. Nxe5 Bxe5 27. axb5
axb5 28. Qc2 Qe7 29. Rxd8 Rxd8 30. Rd1 Rxd1+ 31. Qxd1 b4 32. Qd3 bxc3 33. bxc3
Qd6 
1/2-1/2

[Event "Eliteserien 2008-2009"]
[Site "Haraldsheim"]
[Date "2009.03.29"]
[Round "9"]
[White "Stubberud, Ørnulf"]
[Black "Demac, Elias"]
[Result "1-0"]
[WhiteElo "2198"]
[BlackElo "2192"]
[Annotator ",Yggeseth"]
[PlyCount "81"]
[EventDate "2008.??.??"]

1. e4 c5 2. Nf3 Nc6 3. d4 cxd4 4. Nxd4 Nf6 5. Nc3 e5 6. Ndb5 d6 7. Nd5 Nxd5 8.
exd5 Nb8 9. c4 Be7 10. Be2 O-O 11. O-O a6 12. Nc3 Nd7 13. Kh1 f5 14. f4 Bf6 15.
Qc2 exf4 16. Bxf4 Be5 17. Rad1 Bxf4 18. Rxf4 Qg5 19. Rdf1 Ne5 20. Na4 Ng6 21.
R4f2 f4 22. b4 Bf5 23. Qd2 Rad8 24. Nc3 Rfe8 25. g3 Bh3 26. Rg1 Rf8 27. Bf1 Bg4
28. gxf4 Qh4 29. Rg3 Rf5 30. Bd3 Rh5 31. Qe3 Kf8 32. c5 Re8 33. Be4 Bf5 34.
cxd6 Bxe4+ 35. Nxe4 Rxd5 36. Qb3 Rd4 37. Ng5 Re1+ 38. Kg2 Rxf4 39. d7 Ke7 40.
Rd2 Rf8 41. d8=Q+ 
1-0

[Event "Eliteserien 2008-2009"]
[Site "Haraldsheim"]
[Date "2008.03.29"]
[Round "9"]
[White "Haugli, Petter"]
[Black "Sousa, Helsio Paulo"]
[Result "0-1"]
[WhiteElo "2229"]
[BlackElo "2184"]
[Annotator ",Yggeseth"]
[PlyCount "39"]
[EventDate "2008.??.??"]

1. d4 Nf6 2. c4 g6 3. Nc3 Bg7 4. g3 d6 5. Bg2 O-O 6. Nf3 Nc6 7. O-O a6 8. Bf4
Rb8 9. d5 Na5 10. Qd3 c5 11. a3 b5 12. cxb5 axb5 13. b4 cxb4 14. axb4 Nc4 15.
Nd4 Bd7 16. Ra2 Qb6 17. Rd1 Ra8 18. Rda1 Rxa2 19. Rxa2 e5 20. Nf3 
0-1

[Event "Eliteserien 2008-2009"]
[Site "Haraldsheim"]
[Date "2009.03.29"]
[Round "9"]
[White "Trygstad, Kristian D."]
[Black "Tjølsen, Katrine"]
[Result "0-1"]
[WhiteElo "2319"]
[BlackElo "2090"]
[Annotator ",Yggeseth"]
[PlyCount "48"]
[EventDate "2008.??.??"]

1. e4 c5 2. Nc3 Nc6 3. f4 g6 4. Nf3 Bg7 5. a3 e6 6. b4 b6 7. e5 d6 8. Bb5 Nge7
9. Ne4 dxe5 10. fxe5 O-O 11. Nf6+ Kh8 12. Bb2 Bb7 13. O-O Nf5 14. Qe1 Ncd4 15.
Nxd4 cxd4 16. Bd3 Bxf6 17. exf6 Qxf6 18. Be4 Bxe4 19. Qxe4 h5 20. c3 Rfd8 21.
cxd4 Rd5 22. Rfe1 Rf8 23. Qf4 Rfd8 24. Re5 R8d7 
0-1

[Event "Eliteserien 2008-2009"]
[Site "Haraldsheim"]
[Date "2009.03.29"]
[Round "9"]
[White "Hansen, Torbjørn R."]
[Black "Elsness, Frode"]
[Result "1/2-1/2"]
[WhiteElo "2433"]
[BlackElo "2425"]
[Annotator ",Yggeseth"]
[PlyCount "43"]
[EventDate "2008.??.??"]

1. e4 e5 2. Nf3 Nc6 3. Bb5 Nf6 4. O-O Nxe4 5. d4 Nd6 6. Bxc6 dxc6 7. dxe5 Nf5
8. Qxd8+ Kxd8 9. Nc3 Ne7 10. h3 Ng6 11. Bg5+ Ke8 12. Rad1 Be6 13. Nd4 Bc4 14.
Rfe1 h6 15. Bc1 Bb4 16. Bd2 Rd8 17. Nf5 Rg8 18. a3 Bxc3 19. Bxc3 Rxd1 20. Rxd1
Be6 21. Ne3 Nf4 22. Rd2 
1/2-1/2